[Event "Regionalliga Sued 1718 (Women)"]
[Site "Germany"]
[Date "2018.02.18"]
[Round "5.3"]
[White "Krastina, Alma"]
[Black "Milak, Adela"]
[Result "1-0"]
[WhiteElo "1576"]
[BlackElo "1678"]
[PlyCount "143"]
[EventDate "2017.10.15"]
[EventType "team-tourn"]
[EventRounds "5"]
[EventCountry "GER"]
[SourceTitle "CBM 183 Extra"]
[Source "ChessBase"]
[SourceDate "2018.04.19"]
[SourceVersion "1"]
[SourceVersionDate "2018.04.19"]
[SourceQuality "1"]
[WhiteTeam "Forstenried (W) II"]
[BlackTeam "Muenchen Bayern (W) III"]
[WhiteTeamCountry "GER"]
[BlackTeamCountry "GER"]

1. e4 e5 2. Nf3 Nc6 3. d4 exd4 4. Nxd4 Nxd4 5. Qxd4 Qf6 6. e5 Qc6 7. Nc3 Bc5 8. Qg4 g6 9. Qf4 h5 10. Ne4 Be7 11. Bc4 f5 12. exf6 Nxf6 13. Nxf6+ Qxf6 14. Qe4 d6 15. c3 c6 16. Qe2 Bd7 17. h4 d5 18. Bg5 Qe6 19. Qxe6 Bxe6 20. Bxe7 Kxe7 21. Bd3 Kf6 22. Kd2 c5 23. b3 Rae8 24. Rhg1 Re7 25. f3 a6 26. Raf1 b5 27. g4 c4 28. g5+ Kg7 29. Bc2 Rhe8 30. Re1 Bh3 31. b4 Kf7 32. Rxe7+ Rxe7 33. Re1 Be6 34. Re5 Kg7 35. Ke3 Re8 36. Kd4 Kf7 37. Kc5 Kg7 38. Kd6 Kf7 39. Bxg6+ Kxg6 40. Rxe6+ Rxe6+ 41. Kxe6 d4 42. f4 dxc3 43. f5+ Kh7 44. g6+ Kg8 45. f6 c2 46. Ke7 c1Q 47. f7+ Kg7 48. f8Q+ Kxg6 49. Qf6+ Kh7 50. Qf5+ Kg8 51. Qg6+ Kh8 52. Qxh5+ Kg7 53. Qe5+ Kg6 54. Qf6+ Kh5 55. Qf5+ Kxh4 56. Qf2+ Kg4 57. Qg2+ Kf4 58. Qh2+ Ke4 59. Qh7+ Kf3 60. Qh5+ Kf2 61. Qh4+ Ke2 62. Qh2+ Kd3 63. Qd6+ Kc3 64. Qxa6 Qe3+ 65. Kd7 Kxb4 66. Qd6+ Qc5 67. a3+ Kxa3 68. Qxc5+ Kb3 69. Qxb5+ Kc3 70. Qb1 Kd2 71. Qb2+ Kd3 72. Qc1 1-0

[Event "GER-chT U20 Girls"]
[Site "Borken"]
[Date "2016.12.28"]
[Round "4.4"]
[White "Krastina, Alma"]
[Black "Peglau, Dora"]
[Result "1-0"]
[WhiteElo "1390"]
[BlackElo "1126"]
[PlyCount "49"]
[EventDate "2016.12.27"]
[EventType "team-swiss"]
[EventRounds "7"]
[EventCountry "GER"]
[SourceTitle "EXT 2018"]
[Source "ChessBase"]
[SourceDate "2017.10.13"]
[SourceVersion "1"]
[SourceVersionDate "2017.10.13"]
[SourceQuality "1"]
[WhiteTeam "Forstenried"]
[BlackTeam "Bannewitz"]
[WhiteTeamCountry "GER"]
[BlackTeamCountry "GER"]

1. e4 c5 2. Nc3 Nc6 3. f4 d6 4. Bb5 Bd7 5. Nf3 Nf6 6. d3 a6 7. Bxc6 bxc6 8. 0-0 g6 9. h3 Bg7 10. Qe1 0-0 11. Ne2 Rb8 12. c3 Re8 13. g4 Qc8 14. Ng3 h6 15. f5 gxf5 16. gxf5 e6 17. Nh4 exf5 18. Ngxf5 d5 19. Nxg7 Kxg7 20. Qg3+ Ng4 21. hxg4 dxe4 22. Nf5+ Kh7 23. Qh4 Re6 24. Nxh6 exd3 25. Rxf7+ 1-0

[Event "Regionalliga Sued 1617 (Women)"]
[Site "Germany"]
[Date "2016.10.23"]
[Round "1.2"]
[White "Krastina, Alma"]
[Black "Ronkina, Vera"]
[Result "0-1"]
[WhiteElo "1533"]
[BlackElo "1795"]
[PlyCount "26"]
[EventDate "2016.10.23"]
[EventType "team-tourn"]
[EventRounds "5"]
[EventCountry "GER"]
[SourceTitle "EXT 2018"]
[Source "ChessBase"]
[SourceDate "2017.10.13"]
[SourceVersion "1"]
[SourceVersionDate "2017.10.13"]
[SourceQuality "1"]
[WhiteTeam "Forstenried (W) II"]
[BlackTeam "Neuperlach (W)"]
[WhiteTeamCountry "GER"]
[BlackTeamCountry "GER"]

1. e4 e6 2. d4 d5 3. e5 c5 4. c3 Nc6 5. Nf3 Qb6 6. b3 cxd4 7. cxd4 Bb4+ 8. Bd2 Nxd4 9. Nc3 a6 10. Rc1 Be7 11. Nxd4 Qxd4 12. f4 Nh6 13. Qc2 Ng4 0-1

[Event "GER-ch U18 Girls"]
[Site "Willingen"]
[Date "2016.05.16"]
[Round "3"]
[White "Krastina, Alma"]
[Black "Holschuh, Paulina"]
[Result "1-0"]
[WhiteElo "1631"]
[BlackElo "1042"]
[PlyCount "47"]
[EventDate "2016.05.15"]
[EventType "swiss"]
[EventRounds "9"]
[EventCountry "GER"]
[SourceTitle "CBM 172 Extra"]
[Source "ChessBase"]
[SourceDate "2016.06.21"]
[SourceVersion "1"]
[SourceVersionDate "2016.06.21"]
[SourceQuality "1"]

1. e4 e5 2. Nf3 Nc6 3. d4 Bd6 4. Bc4 Nf6 5. Nc3 0-0 6. 0-0 b6 7. Bg5 exd4 8. Nxd4 Nxd4 9. Qxd4 Be7 10. Bf4 c6 11. Rad1 Bc5 12. Qd2 Re8 13. Rfe1 Ng4 14. Be3 Bxe3 15. fxe3 Qc7 16. g3 c5 17. Qd5 Ne5 18. Qxa8 Nxc4 19. b3 Ne5 20. Rf1 Ng4 21. Nd5 Qd8 22. Rf4 d6 23. Qxa7 b5 24. Rxf7 1-0

[Event "GER-ch U18 Girls"]
[Site "Willingen"]
[Date "2016.05.15"]
[Round "1"]
[White "Krastina, Alma"]
[Black "Schumann, Rabea"]
[Result "0-1"]
[WhiteElo "1631"]
[BlackElo "1878"]
[PlyCount "94"]
[EventDate "2016.05.15"]
[EventType "swiss"]
[EventRounds "9"]
[EventCountry "GER"]
[SourceTitle "CBM 172 Extra"]
[Source "ChessBase"]
[SourceDate "2016.06.21"]
[SourceVersion "1"]
[SourceVersionDate "2016.06.21"]
[SourceQuality "1"]

1. e4 c5 2. c3 d6 3. d4 Nd7 4. Nf3 g6 5. Bc4 Nb6 6. dxc5 Nxc4 7. Qa4+ Qd7 8. Qxc4 Qc7 9. Qa4+ Bd7 10. cxd6 Qxd6 11. Qc2 Bg7 12. 0-0 Qc7 13. Nbd2 e6 14. Qd3 Ne7 15. Nd4 0-0 16. N2f3 Rfd8 17. Bg5 f6 18. Bh4 e5 19. Bg3 Qb6 20. Nc2 Bb5 21. Qe3 Qxe3 22. Nxe3 Bxf1 23. Kxf1 Rd7 24. Ke1 Rad8 25. Nc4 Kf7 26. a4 h6 27. Nfd2 Nc6 28. f3 f5 29. f4 exf4 30. Bxf4 g5 31. Bg3 fxe4 32. Nxe4 Re7 33. Ncd6+ Rxd6 34. Bxd6 Rxe4+ 35. Kd2 Be5 36. Bc5 Bxh2 37. b4 b6 38. Be3 Bf4 39. Rf1 Ke6 40. Bxf4 Rxf4 41. Re1+ Kf5 42. Ke3 Re4+ 43. Kf2 Rxe1 44. Kxe1 Ke4 45. Ke2 h5 46. g3 h4 47. gxh4 gxh4 0-1